;; دربار اکبرى /Darbār-i Akbarī / (Record no. 83197)
[ view plain ]
| 000 -LEADER | |
|---|---|
| fixed length control field | 01483cam a2200301 i 4500 |
| 001 - CONTROL NUMBER | |
| control field | 83197 |
| 003 - CONTROL NUMBER IDENTIFIER | |
| rucl marc code | BD-RjUL |
| 005 - DATE AND TIME OF LATEST TRANSACTION | |
| control field | 20240303103346.0 |
| 008 - FIXED-LENGTH DATA ELEMENTS--GENERAL INFORMATION | |
| fixed length control field | 240302r1910 ii 001 0 urd d |
| 035 ## - SYSTEM CONTROL NUMBER | |
| System control number | (BD-RjUL)83197 |
| 040 ## - CATALOGING SOURCE | |
| Original cataloging agency | DKAGE |
| Language of cataloging | eng |
| Description conventions | rda |
| Transcribing agency | DKAGE |
| Modifying agency | OCLCO |
| -- | OCLCF |
| -- | OCLCO |
| -- | DLC |
| 041 ## - LANGUAGE CODE | |
| Language code of text/sound track or separate title | urd |
| 082 04 - DEWEY DECIMAL CLASSIFICATION NUMBER | |
| Classification number | 954.0254 |
| Edition number | 23 |
| Author mark and year | AZD 1910 |
| 100 1# - MAIN ENTRY--PERSONAL NAME | |
| Personal name | آزاد، محمّد حسين، ;; Āzād, Muḥammad Ḥusain, |
| Dates associated with a name | approximately 1834-1910, |
| Relator term | author. |
| 9 (RLIN) | 12007 |
| 245 10 - TITLE STATEMENT | |
| Title | ;; دربار اکبرى /Darbār-i Akbarī / |
| Statement of responsibility, etc. | شمس العلما مولانا محمّد حسين آزاد ;; Shamsulʻulamā Maulānā Muḥammad Ḥusain Āzād |
| 246 31 - VARYING FORM OF TITLE | |
| Title proper/short title | Darbar-i-Akbari |
| 264 #1 - PRODUCTION, PUBLICATION, DISTRIBUTION, MANUFACTURE, AND COPYRIGHT NOTICE | |
| Place of production, publication, distribution, manufacture | نئى دهلى : ;; Naʼī Dihlī : |
| Name of producer, publisher, distributor, manufacturer | Qaumī Kaunsil barāʼe Furog̲h̲-i Urdū Zabān,قومى کونسل برائے فروغ اردو زبان، |
| Date of production, publication, distribution, manufacture, or copyright notice | 1910 |
| 300 ## - PHYSICAL DESCRIPTION | |
| Pagination | 816 pages ; |
| Size | 22 cm. |
| 490 1# - SERIES STATEMENT | |
| Series statement | سلسلۀ مطبوعات ؛ ;; Silsilah-yi mat̤būʻāt ; |
| Volume/sequential designation | 851 |
| 500 ## - GENERAL NOTE | |
| General note | Includes index. |
| 520 ## - SUMMARY, ETC. | |
| Summary, etc. | On the life of Akbar, Emperor of Hindustan, 1542-1605 and history of Mogul Empire. |
| 600 00 - SUBJECT ADDED ENTRY--PERSONAL NAME | |
| Personal name | Akbar, |
| Titles and other words associated with a name | Emperor of Hindustan, |
| Dates associated with a name | 1542-1605. |
| 651 #0 - SUBJECT ADDED ENTRY--GEOGRAPHIC NAME | |
| Geographic name | Mogul Empire |
| General subdivision | History |
| Chronological subdivision | 16th century. |
| 9 (RLIN) | 12009 |
| Geographic name | India |
| General subdivision | History |
| Chronological subdivision | 1526-1765. |
| 9 (RLIN) | 12010 |
| 830 #0 - SERIES ADDED ENTRY--UNIFORM TITLE | |
| Uniform title | Silsilah-yi mat̤būʻāt (Qaumī Kaunsil barāʼe Furog̲h̲-i Urdū Zabān (New Delhi, India)) ; |
| Volume number/sequential designation | 851. |
| 942 ## - ADDED ENTRY ELEMENTS (KOHA) | |
| Source of classification or shelving scheme | Dewey Decimal Classification |
| Koha item type | Books |
| Lost status | Source of classification or shelving scheme | Damaged status | Not for loan | Collection code | Permanent Location | Current Location | Shelving location | Date acquired | Source of acquisition | Total Checkouts | Full call number | Date last seen | Copy number | Koha item type |
|---|---|---|---|---|---|---|---|---|---|---|---|---|---|---|
| Dewey Decimal Classification | Not For Loan | Non-fiction | Central Library, University of Rajshahi | Central Library, University of Rajshahi | Reading Room | 12/08/1957 | Muhammad & brathers | U 954.0254 AZD 1910 | 03/03/2024 | C-1 | Books |